000 00429nam a2200169Ia 4500
001 8876
003 IN-NITTTR
005 20251114233042.0
008 251113s9999||||xx |||||||||||||| ||eng||
040 _beng
040 _cIN-NITTTR
041 _aeng
082 _a621.3171 B855C
100 _aBuckley, Ruth V.
245 0 _aControl engineering :
_b theory,worked examples and problems. /
_cBuckley, Ruth V.
942 _2ddc
_cBK
999 _c11513
_d11513